000 00719nam a2200217Ia 4500
999 _c35838
_d35838
001 1729
003 GE_BSU
005 20231116103824.0
008 181216s1996||||ge |||||||||||||| ||geo||
020 _a5511006866
040 _cGE_BSU
041 _ageo
080 _a070(075.80 გ–14
100 _aგაგოშიძე, შოთა
_9941
245 _aჟურნალისტიკის საფუძვლები /
_cშოთა გაგოშიძე.
264 _aთბილისი :
_bთბილისის უნ–ტის გამ-ბა,
_c1996.
300 _a201 გვ. ;
_b20 სმ.
541 _h8ლ.
653 _aჟურნალისტიკა
942 _cBK
_2udc